000 00505nam a2200157 a 4500
001 000031507
005 20200930062958.0
008 110627s1958 dr 000 0 spa d
040 _aDO-SdBNP
_bspa
_cBNPHU
082 _axxxx
_bP418
245 0 0 _aPensamientos estelares de Trujillo /
_cselección, prólogo y notas R. A. Font Bernard.
260 _aCiudad Trujillo, República Dominicana :
_b[s.n.],
_c[1958.
300 _a38 p. ;
_c22 cm.
700 1 _aFont Bernard, R. A.,
_epról.
_917078
049 _aBNPD
999 _c30999
_d30999